| 000 | 00418nam a22001697a 4500 | ||
|---|---|---|---|
| 005 | 20230913142422.0 | ||
| 008 | 230913b |||||||| |||| 00| 0 eng d | ||
| 020 | _a9789332549340 | ||
| 082 |
_a640.56 _bBET-E |
||
| 100 | _aBethune,James D. | ||
| 245 | _aEngineering Graphics with Autocad | ||
| 260 |
_aIndia: _bPearson, _c2015. |
||
| 300 | _a814 pages: | ||
| 500 | _aInclude Index. | ||
| 650 | _aMISC | ||
| 999 |
_c33522 _d33522 |
||